Deserts by Pictures - Statistics

General Stats
  • This quiz has been taken 45 times
  • The average score is 5 of 16
Answer Stats
Picture Answer % Correct
Sahara Desert
89%
Arabian Desert
61%
Antarctic Desert
58%
Namib Desert
58%
Gobi Desert
50%
Mojave Desert
39%
Atacama Desert
34%
Great Sandy Desert
34%
Sonoran Desert
32%
Karakum Desert
8%
Salar de Uyuni
8%
White Desert
5%
Pinnacles Desert
3%
Dasht-e Lut
0%
Painted Desert
0%
Wadi Rum
0%
No matching quizzes found
Score Distribution
Percent of People with Each Score
Percentile by Number Answered
Your Score History
You have not taken this quiz